Information transmission, modulation, and noise : (Record no. 13700)
[ view plain ]
| 000 -LEADER | |
|---|---|
| fixed length control field | 01169cam a2200313 a 4500 |
| 001 - CONTROL NUMBER | |
| control field | 13700 |
| 003 - CONTROL NUMBER IDENTIFIER | |
| rucl marc code | BD-RjUL |
| 005 - DATE AND TIME OF LATEST TRANSACTION | |
| control field | 20211208235510.0 |
| 008 - FIXED-LENGTH DATA ELEMENTS--GENERAL INFORMATION | |
| fixed length control field | 140201s1959 nyu b 001 0 eng d |
| 035 ## - SYSTEM CONTROL NUMBER | |
| System control number | (BD-RjUL)13752 |
| 040 ## - CATALOGING SOURCE | |
| Original cataloging agency | DLC |
| Transcribing agency | DLC |
| Modifying agency | BD-RjUL |
| Language of cataloging | eng |
| 041 ## - LANGUAGE CODE | |
| Language code of text/sound track or separate title | eng |
| 082 00 - DEWEY DECIMAL CLASSIFICATION NUMBER | |
| Classification number | 621.38 |
| Author mark and year | SCI 1959 |
| 100 1# - MAIN ENTRY--PERSONAL NAME | |
| Personal name | Schwartz, Mischa. |
| 9 (RLIN) | 42532 |
| 245 10 - TITLE STATEMENT | |
| Title | Information transmission, modulation, and noise : |
| Remainder of title | a unified approach to communication systems / |
| Statement of responsibility, etc. | Mischa Schwartz. |
| 260 ## - PUBLICATION, DISTRIBUTION, ETC. (IMPRINT) | |
| Place of publication, distribution, etc. | New York ; |
| -- | London : |
| Name of publisher, distributor, etc. | McGraw-Hill Book Company, inc, |
| Date of publication, distribution, etc. | c1959. |
| 300 ## - PHYSICAL DESCRIPTION | |
| Pagination | xv, 461 p. : |
| Illustrations | ill. ; |
| Size | 24 cm. |
| 490 1# - SERIES STATEMENT | |
| Series statement | McGraw-Hill electrical and electronic engineering series |
| Series statement | Brooklyn Polytechnic Institute series |
| 504 ## - BIBLIOGRAPHY, ETC. NOTE | |
| Bibliography, etc | Includes bibliographical references and index. |
| 650 #0 - SUBJECT ADDED ENTRY--TOPICAL TERM | |
| Topical term or geographic name as entry element | Electronic noise. |
| 9 (RLIN) | 42865 |
| Topical term or geographic name as entry element | Modulation (Electronics) |
| 9 (RLIN) | 39997 |
| Topical term or geographic name as entry element | Telecommunication. |
| 9 (RLIN) | 42866 |
| 710 2# - ADDED ENTRY--CORPORATE NAME | |
| Corporate name or jurisdiction name as entry element | Polytechnic Institute of Brooklyn. |
| 9 (RLIN) | 25436 |
| 830 #0 - SERIES ADDED ENTRY--UNIFORM TITLE | |
| Uniform title | McGraw-Hill electrical and electronic engineering series |
| Uniform title | Brooklyn Polytechnic Institute series |
| 942 ## - ADDED ENTRY ELEMENTS (KOHA) | |
| Source of classification or shelving scheme | Dewey Decimal Classification |
| Koha item type | Books |
| Lost status | Source of classification or shelving scheme | Damaged status | Not for loan | Collection code | Permanent Location | Current Location | Shelving location | Date acquired | Source of acquisition | Cost, normal purchase price | Total Checkouts | Full call number | Date last seen | Copy number | Koha item type |
|---|---|---|---|---|---|---|---|---|---|---|---|---|---|---|---|
| Dewey Decimal Classification | Non-fiction | Central Library, University of Rajshahi | Central Library, University of Rajshahi | 13/10/1970 | Zeitlinger | 121.60 | 621.38 SCI 1959 | 01/02/2014 | C-4 | Books | |||||
| Dewey Decimal Classification | Not For Loan | Non-fiction | Central Library, University of Rajshahi | Central Library, University of Rajshahi | Reading Room | 03/12/1962 | Zeithlinger. | 91.00 | 621.38 SCI 1959 | 28/05/2017 | C-1 | Books | |||
| Dewey Decimal Classification | Non-fiction | Central Library, University of Rajshahi | Central Library, University of Rajshahi | 03/12/1962 | Zeithlinger. | 91.00 | 621.38 SCI 1959 | 28/05/2017 | C-2 | Books |